banner-ar

يوميات اسكندريه / (Record no. 62641)

MARC details
000 -الفاتح
حقل البيانات ثابتة الطول 00833nam a22002177a 4500
005 - وقت وتاريخ اخر تعامل مع التسجيلة
رقم الضبط 20240530110600.0
008 - عناصر البيانات ثابتة الطول - معلومات عامة
حقل البيانات ثابتة الطول 160904s1882 au o g 000 0 ara d
017 ## - رقم الايداع القانونى
رقم الايداع القانونى 7666/2010
المصدر ( الهيئة المختصة) مصر . دار الكتب المصرية
020 ## - الرقم الدولى المعيارى للكتب
الرقم الدولى المعيارى للكتاب 978977452184
040 ## - مصدر الفهرسة
وكالة الفهرسة الأصلية EG-CaGPL
082 04 - رقم تصنيف ديوى العشرى
رقم الطبعة 21
رقم التصنيف 962.04
رقم المادة ق/أ ى
100 0# - المدخل الرئيسى - إسم شخصى
الإسم الشخصى امل الجيار .
245 10 - بيان العنوان
العنوان يوميات اسكندريه /
بيان المسئوليه,etc امل الجيار .
260 ## - PUBLICATION, DISTRIBUTION, ETC. (IMPRINT)
تاريخ النشر أو التوزيع 2010 .
300 ## - الوصف المادى
التعداد 291 ص :
تفاصيل ماديه اخرى للوعاء ايض ؛
أبعاد الوعاء 24 سم .
490 0# - بيان السلسلة
عنوان السلسلة ذاكره مصر المعاصره
رقم المجلد/ التعيين التسلسلي 9
651 04 - المدخل الاضافى بالموضوع - اسم جغرافى
الاسم الجغرافي مصر
التقسيم الفرعي العام تاريخ
التقسيم الفرعي الزمني الاحتلال البريطاني 1882 - 1956م
651 04 - المدخل الاضافى بالموضوع - اسم جغرافى
الاسم الجغرافي الاسكندريه
التقسيم الفرعي العام تاريخ
التقسيم الفرعي الزمني الحصار البحرى 1882م
942 ## - عناصر المدخل الإضافي( كوها)
مصدر التصنيف او مخطط الترفيف Dewey Decimal Classification
Koha [default] item type كتاب
260 ## - PUBLICATION, DISTRIBUTION, ETC. (IMPRINT)
-- القاهره :
-- مكتبه الاسكندريه ،
Holdings
حالة التراجع حالة الفقد حالة تلف ليس للاعارة المكان المؤقت الموقع الحالى تاريخ الاكتساب اجمالي اﻻعارات رقم الطلب الباركود تاريخ اخر مشاهدة تاريخ تفعيل السعر نوع وعاء كوها
        مكتبة القاهرة الكبرى مكتبة القاهرة الكبرى 09/04/2016   962.04 ق/أ ى 162432 09/04/2016 09/04/2016 كتاب

Powered By

EGPV